[Event "Mittelfranken-ch QT 53rd"]
[Site "Lauf"]
[Date "2004.04.08"]
[Round "3"]
[White "Igel, Stefan"]
[Black "Llugiq, Azem"]
[Result "0-1"]
[WhiteElo "1578"]
[BlackElo "1460"]
[PlyCount "68"]
[EventDate "2004.04.07"]
[EventType "swiss"]
[EventRounds "7"]
[EventCountry "GER"]
[SourceTitle "EXT 2015"]
[Source "ChessBase"]
[SourceDate "2014.11.20"]
[SourceVersion "1"]
[SourceVersionDate "2014.11.20"]
[SourceQuality "1"]

1. e4 e5 2. Nf3 d6 3. d4 exd4 4. Nxd4 Nf6 5. Nc3 c5 6. Bb5+ Bd7 7. Nf5 Bxb5 8. Nxb5 Qa5+ 9. Nc3 Qa6 10. Qd3 Qxd3 11. cxd3 g6 12. Ne3 Na6 13. 0-0 Nb4 14. Rd1 Bg7 15. a3 Na6 16. Nc4 Bf8 17. Bg5 Be7 18. Bxf6 Bxf6 19. Nxd6+ Ke7 20. Nxb7 Rab8 21. Nd5+ Ke6 22. Nxf6 Rxb7 23. Nd5 Rxb2 24. Kf1 Rhb8 25. Ke1 f6 26. Ne3 Rd8 27. Rd2 Rxd2 28. Kxd2 c4 29. Nxc4 Nc5 30. Kc2 Rxd3 31. f3 Rd7 32. Rd1 Rc7 33. Kc3 Na4+ 34. Kb4 Rxc4+ 0-1